ANANTHANARAYAN AND PANIKER'S TEXTBOOK OF MICROBIOLOGY FOR NURSES (Record no. 216456)

MARC details
000 -LEADER
fixed length control field 00505nam a22001697a 4500
008 - FIXED-LENGTH DATA ELEMENTS--GENERAL INFORMATION
fixed length control field 260114b |||||||| |||| 00| 0 eng d
020 ## - INTERNATIONAL STANDARD BOOK NUMBER
International Standard Book Number 9978-93-93330-00-0
100 ## - MAIN ENTRY--PERSONAL NAME
Personal name SAXENA, SONAL
245 ## - TITLE STATEMENT
Title ANANTHANARAYAN AND PANIKER'S TEXTBOOK OF MICROBIOLOGY FOR NURSES
250 ## - EDITION STATEMENT
Edition statement 3RD ED
260 ## - PUBLICATION, DISTRIBUTION, ETC.
Place of publication, distribution, etc. TELANGANA, INDIA
Name of publisher, distributor, etc. UNIVERSITIES PRESS
Date of publication, distribution, etc. 2022
300 ## - PHYSICAL DESCRIPTION
Extent 322P
500 ## - GENERAL NOTE
General note INCLUDES INDEX
650 ## - SUBJECT ADDED ENTRY
Topical term or geographic name entry element MICROBIOLOGY -TEXTBOOKS 2. NURSING -TEXTBOOKS
942 ## - ADDED ENTRY ELEMENTS (KOHA)
Source of classification or shelving scheme Library of Congress Classification
Koha item type Long Loan Book
Holdings
Withdrawn status Lost status Source of classification or shelving scheme Damaged status Not for loan Collection Home library Current library Shelving location Date acquired Inventory number Total checkouts Full call number Barcode Date last seen Copy number Price effective from Koha item type
    Library of Congress Classification     Medicine Kisii University Library Kisii University Library On Display 01/14/2026 110259   QR 41.2 A53 2022 000000024779 01/14/2026 C.1 01/14/2026 Long Loan Book
    Library of Congress Classification     Medicine Kisii University Library Kisii University Library On Display 01/14/2026 110260   QR 41.2 A53 2022 000000018899 01/14/2026 C.2 01/14/2026 Long Loan Book
    Library of Congress Classification     Medicine Kisii University Library Kisii University Library On Display 01/14/2026 110261   QR 41.2 A53 2022 000000018900 01/14/2026 C.3 01/14/2026 Long Loan Book
    Library of Congress Classification     Medicine Kisii University Library Kisii University Library On Display 01/14/2026 110262   QR 41.2 A53 2022 000000018901 01/14/2026 C.4 01/14/2026 Long Loan Book